000 00626nam a2200253Ia 4500
005 20260121153836.0
008 008 260114s9999 xx 000 0 eng d
020 _a9781315366616
037 _aEBOOK
040 _aCRL
040 _beng
040 _cCRL
041 _2eng
041 _aeng
084 _qCRL
100 _aTanmoy Chakraborty; Lalita Ledwani
_9999807
245 0 _aResearch Methodology in Chemical Sciences
260 _bTaylor and Francis
260 _c2016
856 _uhttp://www.taylorfrancis.com/books/9781315366616
942 _cEBOOK
999 _c1566628
_d1566628